[Event "17. Obert Int. Sant Marti 2015 - B"]
[Site "Barcelona ESP"]
[Date "2015.07.13"]
[Round "1.1"]
[White "Humanes Bespin, Ivan"]
[Black "Mañosas Vila, Ester"]
[Result "1-0"]
[WhiteElo "2049"]
[BlackElo "1895"]
[PlyCount "67"]
[EventDate "2015.07.13"]
[EventType "swiss"]
[EventRounds "9"]
[EventCountry "ESP"]
[SourceTitle "Ajedrez en Madrid"]
[Source "lmi"]
[SourceDate "2015.07.13"]
[SourceVersion "1"]
[SourceVersionDate "2019.06.21"]
[SourceQuality "1"]

1. e4 e5 2. Nf3 Nc6 3. Bb5 a6 4. Ba4 Nf6 5. d3 b5 6. Bb3 Bc5 7. O-O Bb7 8. c3
d6 9. a4 h6 10. axb5 axb5 11. Rxa8 Bxa8 12. Na3 b4 13. Nc4 O-O 14. Ne3 bxc3 15.
bxc3 Bb6 16. Nf5 Ne7 17. N3h4 Kh7 18. Nxe7 Qxe7 19. Nf5 Qd7 20. Qd2 Ng8 21. Kh1
d5 22. f3 dxe4 23. fxe4 Rd8 24. Rd1 Bc6 25. Qc2 g6 26. Ne3 Nf6 27. Nc4 Ba7 28.
Nxe5 Qe8 29. Nxf7 Ng4 30. Rf1 Rd7 31. Qe2 Qe7 32. Qxg4 Qc5 33. Qf4 g5 34. Qf6
1-0

[Event "17. Obert Int. Sant Marti 2015 - B"]
[Site "Barcelona ESP"]
[Date "2015.07.13"]
[Round "1.2"]
[White "Romero Funieles, Rafael De Jesus"]
[Black "Garcia Ruiz, Adrian"]
[Result "0-1"]
[WhiteElo "1893"]
[BlackElo "2044"]
[PlyCount "90"]
[EventDate "2015.07.13"]
[EventType "swiss"]
[EventRounds "9"]
[EventCountry "ESP"]
[SourceTitle "Ajedrez en Madrid"]
[Source "lmi"]
[SourceDate "2015.07.13"]
[SourceVersion "1"]
[SourceVersionDate "2019.06.21"]
[SourceQuality "1"]

1. e4 e5 2. c4 Nf6 3. d3 Bc5 4. a3 O-O 5. Be2 a5 6. Nf3 Nc6 7. O-O h6 8. Nc3 d6
9. Bd2 Re8 10. Rb1 Bg4 11. Na4 Ba7 12. b4 axb4 13. axb4 Bxf3 14. Bxf3 Nd4 15.
Nc3 Nh7 16. Nd5 c6 17. Ne3 Ng5 18. Bh5 Bb6 19. f4 exf4 20. Rxf4 g6 21. Be2 Ra2
22. Kh1 Nge6 23. Rf1 h5 24. b5 Ba5 25. Bxa5 Qxa5 26. Bf3 Qd2 27. Qxd2 Rxd2 28.
bxc6 bxc6 29. Rbd1 Rb2 30. c5 dxc5 31. Nc4 Rb3 32. e5 Ng5 33. Rf2 Ngxf3 34.
gxf3 Rd8 35. f4 Nb5 36. Rf3 Rc3 37. Na5 c4 38. Nxc6 Rdxd3 39. Rff1 Rxd1 40.
Rxd1 Rd3 41. Rf1 c3 42. f5 gxf5 43. Ne7+ Kf8 44. Nxf5 c2 45. e6 Rd1 0-1

[Event "17. Obert Int. Sant Marti 2015 - B"]
[Site "Barcelona ESP"]
[Date "2015.07.13"]
[Round "1.3"]
[White "De La Fuente  Clemente, Constantino"]
[Black "Villa Cardenas, Jorge"]
[Result "1-0"]
[WhiteElo "2043"]
[BlackElo "1892"]
[PlyCount "87"]
[EventDate "2015.07.13"]
[EventType "swiss"]
[EventRounds "9"]
[EventCountry "ESP"]
[SourceTitle "Ajedrez en Madrid"]
[Source "lmi"]
[SourceDate "2015.07.13"]
[SourceVersion "1"]
[SourceVersionDate "2019.06.21"]
[SourceQuality "1"]

1. e4 e5 2. Nf3 Nc6 3. Bc4 Be7 4. c3 Nf6 5. Qe2 d6 6. h3 Na5 7. Bb5+ Bd7 8. Bd3
c5 9. Bc2 Nc6 10. d3 h6 11. a3 a6 12. Be3 O-O 13. Nbd2 b5 14. b4 Qc7 15. Rc1
Rfc8 16. O-O Qd8 17. Nb3 cxb4 18. cxb4 a5 19. d4 axb4 20. d5 Na5 21. axb4 Nxb3
22. Bxb3 Rxc1 23. Bxc1 Qc7 24. Bb2 Nh7 25. Rc1 Qb7 26. Ne1 Bg5 27. Rc3 Rc8 28.
Rg3 Bf4 29. Rf3 Ng5 30. Rd3 Nh7 31. Nc2 f5 32. h4 fxe4 33. Qxe4 Nf6 34. Qe2 Bg4
35. Qe1 Bf5 36. Rc3 Ne4 37. Rc6 Nd2 38. Ne3 Nxb3 39. Nxf5 Rxc6 40. dxc6 Qc7 41.
Qe4 g6 42. Qd5+ Kf8 43. Qxd6+ Qxd6 44. Nxd6 1-0

[Event "17. Obert Int. Sant Marti 2015 - B"]
[Site "Barcelona ESP"]
[Date "2015.07.13"]
[Round "1.4"]
[White "Calbet Freixanet, Eduard"]
[Black "Ros Montes, Daniel"]
[Result "0-1"]
[WhiteElo "1890"]
[BlackElo "2039"]
[PlyCount "72"]
[EventDate "2015.07.13"]
[EventType "swiss"]
[EventRounds "9"]
[EventCountry "ESP"]
[SourceTitle "Ajedrez en Madrid"]
[Source "lmi"]
[SourceDate "2015.07.13"]
[SourceVersion "1"]
[SourceVersionDate "2019.06.21"]
[SourceQuality "1"]

1. d4 Nf6 2. c4 e6 3. Nc3 Bb4 4. Qc2 b6 5. a3 Bxc3+ 6. Qxc3 Bb7 7. Nf3 c5 8.
dxc5 bxc5 9. Bf4 O-O 10. Bd6 Ne4 11. Qd3 Nxd6 12. Qxd6 Qa5+ 13. b4 cxb4 14.
Qxb4 Nc6 15. Qd2 Qxd2+ 16. Nxd2 Rfc8 17. e4 Nd4 18. Bd3 Ba6 19. O-O Rc5 20.
Rac1 Rac8 21. Rc3 g6 22. Rfc1 Nb5 23. R3c2 Nxa3 24. Ra2 Nxc4 25. Nb3 R5c6 26.
Rxa6 Rxa6 27. Rxc4 Rxc4 28. Bxc4 Rc6 29. Bb5 Rb6 30. Bc4 Rb4 31. Nd2 Rb2 32.
Nf3 d5 33. exd5 exd5 34. Bd3 a5 35. Kf1 a4 36. Nd4 a3 0-1

[Event "17. Obert Int. Sant Marti 2015 - B"]
[Site "Barcelona ESP"]
[Date "2015.07.13"]
[Round "1.5"]
[White "Nadal Fajardo, Ricard"]
[Black "Muñoz Jordan, Carlos"]
[Result "1-0"]
[WhiteElo "2037"]
[BlackElo "1889"]
[PlyCount "45"]
[EventDate "2015.07.13"]
[EventType "swiss"]
[EventRounds "9"]
[EventCountry "ESP"]
[SourceTitle "Ajedrez en Madrid"]
[Source "lmi"]
[SourceDate "2015.07.13"]
[SourceVersion "1"]
[SourceVersionDate "2019.06.21"]
[SourceQuality "1"]

1. e4 c5 2. Nc3 d6 3. f4 Nc6 4. Nf3 Nf6 5. g3 e6 6. Bg2 Be7 7. O-O O-O 8. d3
Rb8 9. a4 a6 10. h3 Qd7 11. g4 b5 12. axb5 axb5 13. f5 exf5 14. exf5 Ne5 15. g5
Ne8 16. Nd5 Qd8 17. h4 f6 18. Nxe5 dxe5 19. g6 h6 20. Nxe7+ Qxe7 21. Bd5+ Kh8
22. Qh5 Bb7 23. Bxh6 1-0

[Event "17. Obert Int. Sant Marti 2015 - B"]
[Site "Barcelona ESP"]
[Date "2015.07.13"]
[Round "1.6"]
[White "Nin Serres, Pere"]
[Black "Centelles Vivas, Aleix"]
[Result "0-1"]
[WhiteElo "1877"]
[BlackElo "2034"]
[PlyCount "88"]
[EventDate "2015.07.13"]
[EventType "swiss"]
[EventRounds "9"]
[EventCountry "ESP"]
[SourceTitle "Ajedrez en Madrid"]
[Source "lmi"]
[SourceDate "2015.07.13"]
[SourceVersion "1"]
[SourceVersionDate "2019.06.21"]
[SourceQuality "1"]

1. d4 Nf6 2. Nf3 e6 3. Bf4 b6 4. e3 Bb7 5. Be2 Be7 6. O-O Nh5 7. Be5 d6 8. Bg3
Nxg3 9. hxg3 O-O 10. c4 Nd7 11. Nc3 e5 12. d5 f5 13. Nd2 Bg5 14. g4 f4 15. exf4
Bxf4 16. g3 Bg5 17. Nde4 a6 18. Nxg5 Qxg5 19. Ne4 Qe7 20. Qd2 Nf6 21. f3 Nxe4
22. fxe4 Rae8 23. Rae1 Bc8 24. Rxf8+ Rxf8 25. Rf1 Rxf1+ 26. Kxf1 Qf7+ 27. Kg2
Qg6 28. Qe3 Bxg4 29. Bf1 Qh5 30. Kg1 g5 31. c5 bxc5 32. Bxa6 Bf3 33. Bf1 Qh1+
34. Kf2 Bxe4 35. Qxg5+ Kf7 36. Qg4 Bxd5 37. Qd7+ Kg6 38. Qg4+ Kf6 39. Bh3 Qe4
40. Qd7 Qf3+ 41. Ke1 Qxg3+ 42. Kd2 Qf2+ 43. Kc1 Qe1+ 44. Kc2 Be4+ 0-1

[Event "17. Obert Int. Sant Marti 2015 - B"]
[Site "Barcelona ESP"]
[Date "2015.07.13"]
[Round "1.7"]
[White "Pla Carulla, Joaquim"]
[Black "Varela Cuadrado, Cesar"]
[Result "1-0"]
[WhiteElo "2034"]
[BlackElo "1876"]
[PlyCount "181"]
[EventDate "2015.07.13"]
[EventType "swiss"]
[EventRounds "9"]
[EventCountry "ESP"]
[SourceTitle "Ajedrez en Madrid"]
[Source "lmi"]
[SourceDate "2015.07.13"]
[SourceVersion "1"]
[SourceVersionDate "2019.06.21"]
[SourceQuality "1"]

1. d4 f5 2. Bf4 Nf6 3. e3 g6 4. Nf3 Bg7 5. Bc4 d5 6. Bb3 O-O 7. O-O e6 8. c4 c6
9. Nc3 Qe7 10. Re1 Ne4 11. Be5 Nd7 12. Bxg7 Qxg7 13. Nd2 Ndf6 14. f3 Ng5 15.
Rc1 Bd7 16. Na4 b6 17. cxd5 Nxd5 18. Nc3 b5 19. Nf1 Rae8 20. e4 fxe4 21. Nxe4
Nxe4 22. Rxe4 Nf6 23. Re5 Nh5 24. Qe1 Nf4 25. Qe4 Qh6 26. Re1 Rf6 27. Ne3 Qf8
28. Ng4 Rf7 29. Ne3 Qb4 30. Nf1 Rf6 31. Re3 Nd5 32. a3 Qa5 33. Bxd5 cxd5 34.
Qh4 Kg7 35. Rc3 Qb6 36. b4 Ref8 37. Qf2 Rf4 38. Rc5 a5 39. Re1 a4 40. Ng3 Qd8
41. Qe3 Qf6 42. Ne2 Rh4 43. Rc7 Rf7 44. Rec1 Rh5 45. Ra7 Qe7 46. Rcc7 Qd6 47.
Ng3 Rh4 48. Qe5+ Qxe5 49. dxe5 Be8 50. Rxf7+ Bxf7 51. Rb7 Rc4 52. Rxb5 Rc3 53.
Rb7 Rxa3 54. b5 Rb3 55. b6 a3 56. Ra7 d4 57. Ne4 Rb1+ 58. Kf2 Rb2+ 59. Kg3 a2
60. b7 Rxb7 61. Rxa2 Kf8 62. Ra4 d3 63. Rd4 Rb3 64. Nc5 Rc3 65. Nxd3 g5 66. Kg4
h6 67. Nf2 Rc2 68. Kg3 h5 69. Ne4 h4+ 70. Kh3 Re2 71. Nxg5 Bg6 72. Nxe6+ Ke7
73. Nf4 Bf5+ 74. Kxh4 Rxe5 75. g4 Bb1 76. Kg3 Re1 77. h4 Kf7 78. Nh3 Re3 79. h5
Kg7 80. g5 Bf5 81. Nf4 Re1 82. Rd6 Rg1+ 83. Ng2 Rh1 84. h6+ Kh7 85. Kf4 Bh3 86.
Ne3 Bc8 87. Rc6 Rh4+ 88. Ng4 Bxg4 89. fxg4 Rh1 90. Rc7+ Kg6 91. Rg7# 1-0

[Event "17. Obert Int. Sant Marti 2015 - B"]
[Site "Barcelona ESP"]
[Date "2015.07.13"]
[Round "1.9"]
[White "Garcia Clemente, Julian Francisco"]
[Black "Pascual Gonzalez-Novelles, David"]
[Result "1-0"]
[WhiteElo "2031"]
[BlackElo "1869"]
[PlyCount "59"]
[EventDate "2015.07.13"]
[EventType "swiss"]
[EventRounds "9"]
[EventCountry "ESP"]
[SourceTitle "Ajedrez en Madrid"]
[Source "lmi"]
[SourceDate "2015.07.13"]
[SourceVersion "1"]
[SourceVersionDate "2019.06.21"]
[SourceQuality "1"]

1. d4 d5 2. c4 c6 3. Nc3 Nf6 4. Bg5 Nbd7 5. cxd5 Nxd5 6. Nxd5 Qa5+ 7. Nc3 Qxg5
8. Nf3 Qa5 9. e3 e5 10. Bd3 Bb4 11. Qc2 exd4 12. Nxd4 Nf6 13. O-O Bxc3 14. bxc3
O-O 15. c4 Qc7 16. f3 Qe5 17. Rae1 c5 18. f4 Qd6 19. Nf3 h6 20. Rd1 Qe7 21. e4
Ng4 22. Rde1 Qc7 23. e5 h5 24. Ng5 f6 25. exf6 Nxf6 26. Be4 Re8 27. Bd5+ Kf8
28. Nh7+ Nxh7 29. Qxh7 Rxe1 30. Rxe1 1-0

[Event "17. Obert Int. Sant Marti 2015 - B"]
[Site "Barcelona ESP"]
[Date "2015.07.13"]
[Round "1.10"]
[White "Mas Sayos, Lluis"]
[Black "Madrid Sole, Antonio"]
[Result "0-1"]
[WhiteElo "1863"]
[BlackElo "2031"]
[PlyCount "78"]
[EventDate "2015.07.13"]
[EventType "swiss"]
[EventRounds "9"]
[EventCountry "ESP"]
[SourceTitle "Ajedrez en Madrid"]
[Source "lmi"]
[SourceDate "2015.07.13"]
[SourceVersion "1"]
[SourceVersionDate "2019.06.21"]
[SourceQuality "1"]

1. d4 d5 2. c4 c6 3. e3 Nf6 4. Nc3 e6 5. Nf3 Be7 6. Bd3 O-O 7. O-O Nbd7 8. Bd2
dxc4 9. Bxc4 Nb6 10. Bb3 c5 11. dxc5 Bxc5 12. Rc1 Qe7 13. Qe2 a6 14. Ne5 Bd6
15. Nd3 Rd8 16. e4 Bc7 17. e5 Nfd5 18. Ne4 h6 19. Rc2 Bd7 20. Rfc1 Bc6 21. Nec5
Nd7 22. f4 Nxc5 23. Nxc5 Bb6 24. Kh1 Qh4 25. Rf1 Rac8 26. Be1 Qe7 27. Bxd5 Rxd5
28. Nd3 Rcd8 29. Bb4 Qd7 30. Bd6 Bb5 31. Rf3 Rc8 32. Rd2 Ba5 33. b4 Bb6 34. Qd1
Ba4 35. Qb1 Rc3 36. Nc5 Rcxc5 37. bxc5 Rxd2 38. Rf1 Ba5 39. h3 Qc6 0-1

[Event "17. Obert Int. Sant Marti 2015 - B"]
[Site "Barcelona ESP"]
[Date "2015.07.13"]
[Round "1.11"]
[White "Perez Garcia, Jose Miguel"]
[Black "Espadero Roda, Francesc"]
[Result "1-0"]
[WhiteElo "2028"]
[BlackElo "1862"]
[PlyCount "63"]
[EventDate "2015.07.13"]
[EventType "swiss"]
[EventRounds "9"]
[EventCountry "ESP"]
[SourceTitle "Ajedrez en Madrid"]
[Source "lmi"]
[SourceDate "2015.07.13"]
[SourceVersion "1"]
[SourceVersionDate "2019.06.21"]
[SourceQuality "1"]

1. e4 c5 2. Nf3 d6 3. d4 cxd4 4. Nxd4 Nf6 5. f3 a6 6. c4 e5 7. Nc2 Be7 8. Nc3
Bd7 9. Be2 O-O 10. Be3 Ne8 11. Qd2 Nc7 12. Nb4 b5 13. Nbd5 Nc6 14. Bb6 Rc8 15.
cxb5 Nd4 16. bxa6 Bh4+ 17. g3 Bg5 18. Qd3 Nde6 19. Nxc7 Nxc7 20. Qxd6 Be7 21.
Qxe5 f6 22. Qa5 Bd6 23. Rd1 Qe7 24. Nd5 Qe5 25. Nxc7 Bxc7 26. Qxe5 Bxe5 27.
Rxd7 Rc1+ 28. Rd1 Rxd1+ 29. Kxd1 Bxb2 30. Bc4+ Kh8 31. Bd5 g6 32. a7 1-0

[Event "17. Obert Int. Sant Marti 2015 - B"]
[Site "Barcelona ESP"]
[Date "2015.07.13"]
[Round "1.12"]
[White "Gomez Guinovart, Josep Manel"]
[Black "Walter Travella, German"]
[Result "0-1"]
[WhiteElo "1861"]
[BlackElo "2028"]
[PlyCount "50"]
[EventDate "2015.07.13"]
[EventType "swiss"]
[EventRounds "9"]
[EventCountry "ESP"]
[SourceTitle "Ajedrez en Madrid"]
[Source "lmi"]
[SourceDate "2015.07.13"]
[SourceVersion "1"]
[SourceVersionDate "2019.06.21"]
[SourceQuality "1"]

1. d4 Nf6 2. c4 g6 3. Nc3 Bg7 4. Nf3 d6 5. e3 O-O 6. Bd3 Re8 7. O-O e5 8. dxe5
dxe5 9. e4 c6 10. Qe2 Nbd7 11. b4 Nf8 12. Bc2 Qb6 13. a3 Bg4 14. h3 Bxf3 15.
Qxf3 Qd4 16. Qd3 Nxe4 17. Qxd4 exd4 18. Nxe4 d3 19. Ra2 dxc2 20. Nd6 Re2 21.
Nxb7 Rae8 22. Nc5 Rd8 23. Nb3 Rd1 24. a4 Bc3 25. b5 Rxf1+ 0-1

[Event "17. Obert Int. Sant Marti 2015 - B"]
[Site "Barcelona ESP"]
[Date "2015.07.13"]
[Round "1.13"]
[White "Poyato Ruiz, Fernando"]
[Black "Fungueiriño Pique, Daniel"]
[Result "1-0"]
[WhiteElo "2024"]
[BlackElo "1859"]
[PlyCount "33"]
[EventDate "2015.07.13"]
[EventType "swiss"]
[EventRounds "9"]
[EventCountry "ESP"]
[SourceTitle "Ajedrez en Madrid"]
[Source "lmi"]
[SourceDate "2015.07.13"]
[SourceVersion "1"]
[SourceVersionDate "2019.06.21"]
[SourceQuality "1"]

1. d4 d5 2. c4 e5 3. e3 c6 4. dxe5 Be6 5. Qb3 Qc7 6. Nc3 dxc4 7. Bxc4 Bxc4 8.
Qxc4 Ne7 9. Nf3 Nd7 10. e6 Nb6 11. exf7+ Kd8 12. Qe6 Qd7 13. Qe4 Qf5 14. Qd4+
Qd7 15. O-O Kc7 16. Qe5+ Qd6 17. Rd1 1-0

[Event "17. Obert Int. Sant Marti 2015 - B"]
[Site "Barcelona ESP"]
[Date "2015.07.13"]
[Round "1.14"]
[White "Carrey Abellan, Enric"]
[Black "Beltran Vidal, Daniel"]
[Result "1-0"]
[WhiteElo "2022"]
[BlackElo "1852"]
[PlyCount "179"]
[EventDate "2015.07.13"]
[EventType "swiss"]
[EventRounds "9"]
[EventCountry "ESP"]
[SourceTitle "Ajedrez en Madrid"]
[Source "lmi"]
[SourceDate "2015.07.13"]
[SourceVersion "1"]
[SourceVersionDate "2019.06.21"]
[SourceQuality "1"]

1. d4 Nf6 2. c4 g6 3. Nc3 d5 4. Bg5 dxc4 5. e3 Bg7 6. Bxc4 O-O 7. Nf3 c6 8. O-O
Bg4 9. h3 Bxf3 10. Qxf3 Nbd7 11. Rfd1 Qa5 12. Bh4 e6 13. a3 Qf5 14. Qxf5 gxf5
15. Be2 Nb6 16. Rac1 Nbd5 17. Na4 Nd7 18. Bf3 N5b6 19. Nc5 Nxc5 20. Rxc5 Na4
21. Rc2 Nb6 22. b4 Rfc8 23. Rdc1 a6 24. Bd1 Bh6 25. Bg3 Nd5 26. Bh2 Nxe3 27.
fxe3 Bxe3+ 28. Kf1 Bxc1 29. Rxc1 a5 30. Bd6 Rd8 31. Bc5 f6 32. bxa5 e5 33. Bb6
Rd7 34. Bb3+ Kg7 35. dxe5 fxe5 36. Be6 Rd3 37. a4 Kf6 38. Bc4 Ra3 39. Rd1 Kg5
40. Bd8+ Kf4 41. Kf2 Rxd8 42. Rxd8 Rxa4 43. g3+ Kg5 44. h4+ Kf6 45. Rf8+ Kg7
46. Rf7+ Kg6 47. Bb3 Rxa5 48. Rxb7 Rb5 49. Bf7+ Kf6 50. Rc7 Rb4 51. Bg8 Rb2+
52. Ke3 Rb4 53. Rxc6+ Kg7 54. Bc4 Rb2 55. Rc7+ Kg6 56. Be2 Rb3+ 57. Kf2 Rb2 58.
Rc6+ Kg7 59. Re6 e4 60. Rd6 Rb3 61. Bd1 Ra3 62. Rb6 Rc3 63. Rb3 Rc5 64. Ke3 Ra5
65. Be2 Ra2 66. Rb7+ Kh6 67. Rf7 Kg6 68. Rf8 Rb2 69. Rg8+ Kf6 70. Rg5 Ra2 71.
Bh5 Ra5 72. Rg8 f4+ 73. Kxf4 Rxh5 74. Kxe4 Re5+ 75. Kf4 Re7 76. g4 Re1 77. Rf8+
Kg7 78. Rf5 h6 79. Re5 Rf1+ 80. Ke4 Rg1 81. Kf4 Rf1+ 82. Kg3 Rg1+ 83. Kf3 Rf1+
84. Kg2 Rf4 85. Kg3 Rf1 86. Re4 Ra1 87. Kf4 Rf1+ 88. Ke5 Rf2 89. Rf4 Re2+ 90.
Kf5 1-0

[Event "17. Obert Int. Sant Marti 2015 - B"]
[Site "Barcelona ESP"]
[Date "2015.07.13"]
[Round "1.15"]
[White "Garcia Gil, Jose Antonio"]
[Black "Martinez Hernandez, Emili"]
[Result "0-1"]
[WhiteElo "1852"]
[BlackElo "2018"]
[PlyCount "96"]
[EventDate "2015.07.13"]
[EventType "swiss"]
[EventRounds "9"]
[EventCountry "ESP"]
[SourceTitle "Ajedrez en Madrid"]
[Source "lmi"]
[SourceDate "2015.07.13"]
[SourceVersion "1"]
[SourceVersionDate "2019.06.21"]
[SourceQuality "1"]

1. d4 Nf6 2. Bg5 Ne4 3. Bf4 c6 4. c3 Qb6 5. Qb3 Qxb3 6. axb3 a6 7. f3 Nf6 8. e4
d6 9. Nd2 Nbd7 10. Bd3 g6 11. Ne2 Bg7 12. O-O O-O 13. Bg3 Nh5 14. Bh4 Re8 15.
b4 Bh6 16. f4 e5 17. g4 Nxf4 18. Nxf4 Bxf4 19. Nc4 g5 20. dxe5 Nxe5 21. Nxe5
dxe5 22. Bg3 Bxg4 23. Bxf4 exf4 24. Rae1 Rad8 25. Bc4 Rd2 26. e5 Rxb2 27. Rf2
Rxf2 28. Kxf2 Rd8 29. e6 Bxe6 30. Bxe6 fxe6 31. Rxe6 Rd2+ 32. Kg1 Rc2 33. Re7
b5 34. Ra7 Rxc3 35. Rxa6 Rc4 36. Ra8+ Kg7 37. Ra7+ Kg6 38. Rc7 h5 39. h3 g4 40.
h4 Kf5 41. Rf7+ Ke4 42. Rd7 Rxb4 43. Rd2 g3 44. Kg2 Kf5 45. Kh3 Rb1 46. Rc2
Rh1+ 47. Kg2 Rh2+ 48. Kf3 Rf2+ 0-1

[Event "17. Obert Int. Sant Marti 2015 - B"]
[Site "Barcelona ESP"]
[Date "2015.07.13"]
[Round "1.16"]
[White "Riu Lopez, Sergi"]
[Black "Bernat Pascual, Magí"]
[Result "1-0"]
[WhiteElo "2018"]
[BlackElo "1850"]
[PlyCount "113"]
[EventDate "2015.07.13"]
[EventType "swiss"]
[EventRounds "9"]
[EventCountry "ESP"]
[SourceTitle "Ajedrez en Madrid"]
[Source "lmi"]
[SourceDate "2015.07.13"]
[SourceVersion "1"]
[SourceVersionDate "2019.06.21"]
[SourceQuality "1"]

1. e4 c6 2. d4 d5 3. exd5 cxd5 4. c4 Nf6 5. Nc3 e6 6. Nf3 Nc6 7. Bd3 Bd6 8. c5
Be7 9. O-O O-O 10. Bf4 Bd7 11. a3 a5 12. Na4 Nh5 13. Bd2 Qc7 14. Nb6 Rad8 15.
Ne5 Nxe5 16. Bxh7+ Kxh7 17. Qxh5+ Kg8 18. Qxe5 Qxe5 19. dxe5 Bxc5 20. Bxa5 Bd4
21. Nxd5 exd5 22. Bxd8 Rxd8 23. Rad1 Bxb2 24. Rxd5 Kf8 25. a4 Ke7 26. Rb1 Bc3
27. Rxb7 f6 28. exf6+ Bxf6 29. Rd1 Ke6 30. a5 Bc6 31. Rxd8 Bxb7 32. Rb8 Bd5 33.
a6 Bd4 34. g3 Bc4 35. Rc8 Bb5 36. Rc7 Bd3 37. a7 Be4 38. Kf1 Kd6 39. Rf7 Bd5
40. Rf4 Bxa7 41. Rg4 Ke6 42. Rxg7 Bd4 43. Rg6+ Kf5 44. Rd6 Bc4+ 45. Kg2 Be5 46.
Rb6 Bd4 47. Rb4 Bd5+ 48. f3 Bf6 49. g4+ Kg6 50. Kg3 Be5+ 51. f4 Bc7 52. Rb5 Be6
53. Rb7 Ba5 54. f5+ Kf6 55. fxe6 Kxe6 56. g5 Kf5 57. Rb5+ 1-0

[Event "17. Obert Int. Sant Marti 2015 - B"]
[Site "Barcelona ESP"]
[Date "2015.07.13"]
[Round "1.17"]
[White "Branca, Colin"]
[Black "Corominas Garrido, Jordi"]
[Result "0-1"]
[WhiteElo "1850"]
[BlackElo "2017"]
[PlyCount "28"]
[EventDate "2015.07.13"]
[EventType "swiss"]
[EventRounds "9"]
[EventCountry "ESP"]
[SourceTitle "Ajedrez en Madrid"]
[Source "lmi"]
[SourceDate "2015.07.13"]
[SourceVersion "1"]
[SourceVersionDate "2019.06.21"]
[SourceQuality "1"]

1. e4 e6 2. d4 d5 3. e5 c5 4. c3 Nc6 5. f4 Qb6 6. Nf3 Nh6 7. Bd3 Bd7 8. Bc2
cxd4 9. cxd4 Nb4 10. O-O Nxc2 11. Qxc2 Rc8 12. Qd1 Nf5 13. Nc3 Bb4 14. Rb1 Bxc3
0-1

[Event "17. Obert Int. Sant Marti 2015 - B"]
[Site "Barcelona ESP"]
[Date "2015.07.13"]
[Round "1.18"]
[White "Fleming, Andrew S J"]
[Black "Cort Hidalgo, Jordi"]
[Result "1-0"]
[WhiteElo "2012"]
[BlackElo "1850"]
[PlyCount "85"]
[EventDate "2015.07.13"]
[EventType "swiss"]
[EventRounds "9"]
[EventCountry "ESP"]
[SourceTitle "Ajedrez en Madrid"]
[Source "lmi"]
[SourceDate "2015.07.13"]
[SourceVersion "1"]
[SourceVersionDate "2019.06.21"]
[SourceQuality "1"]

1. e4 c5 2. Nc3 g6 3. Bc4 Bg7 4. f4 e6 5. a4 Ne7 6. Bb3 Nbc6 7. Nf3 d6 8. O-O
O-O 9. d3 d5 10. e5 Qb6 11. Kh1 a6 12. Ne2 Nf5 13. c3 d4 14. Bc2 Rd8 15. Qe1
Bd7 16. Ng3 Nce7 17. Ng5 f6 18. a5 Nxg3+ 19. hxg3 Qc6 20. Ba4 Qc8 21. exf6 Bxf6
22. Bxd7 Qxd7 23. Qxe6+ Qxe6 24. Nxe6 dxc3 25. Nxd8 cxb2 26. Bxb2 Bxb2 27. Rab1
Rxd8 28. Rxb2 Nf5 29. Kh2 Rxd3 30. Rf3 Rd7 31. Rfb3 Nd6 32. Rd3 c4 33. Rd4 c3
34. Rc2 Kf7 35. Rxc3 Ke6 36. Re3+ Kf6 37. g4 h6 38. Re5 g5 39. Red5 Ke6 40.
fxg5 hxg5 41. Rxg5 Rh7+ 42. Rh5 Rg7 43. Rh6+ 1-0

[Event "17. Obert Int. Sant Marti 2015 - B"]
[Site "Barcelona ESP"]
[Date "2015.07.13"]
[Round "1.20"]
[White "Martinez Talavera, Jordi"]
[Black "De La Fuente Gil, Roberto"]
[Result "1-0"]
[WhiteElo "2008"]
[BlackElo "1842"]
[PlyCount "65"]
[EventDate "2015.07.13"]
[EventType "swiss"]
[EventRounds "9"]
[EventCountry "ESP"]
[SourceTitle "Ajedrez en Madrid"]
[Source "lmi"]
[SourceDate "2015.07.13"]
[SourceVersion "1"]
[SourceVersionDate "2019.06.21"]
[SourceQuality "1"]

1. d4 Nf6 2. Nf3 e6 3. Bf4 d5 4. e3 Bd6 5. Bg3 Bxg3 6. hxg3 Nbd7 7. Bd3 c5 8.
c3 Qb6 9. Qc2 c4 10. Be2 Qc7 11. Nbd2 e5 12. e4 exd4 13. Nxd4 Nxe4 14. Nxe4
dxe4 15. Qxe4+ Qe5 16. Rh4 g5 17. Qxe5+ Nxe5 18. Re4 f6 19. f4 gxf4 20. gxf4 b6
21. fxe5 Bb7 22. Re3 O-O-O 23. e6 Bxg2 24. Bxc4 h5 25. Kf2 Bb7 26. e7 Rde8 27.
Bf7 Kd7 28. Bxe8+ Rxe8 29. Rd1 Bd5 30. Nf5 Kc6 31. Ng7 Bf7 32. Nxe8 Bxe8 33.
Rd8 1-0

[Event "17. Obert Int. Sant Marti 2015 - B"]
[Site "Barcelona ESP"]
[Date "2015.07.13"]
[Round "1.21"]
[White "Izquierdo Pujol, Pol"]
[Black "Vicente Soriano, Josep"]
[Result "0-1"]
[WhiteElo "1832"]
[BlackElo "2006"]
[PlyCount "104"]
[EventDate "2015.07.13"]
[EventType "swiss"]
[EventRounds "9"]
[EventCountry "ESP"]
[SourceTitle "Ajedrez en Madrid"]
[Source "lmi"]
[SourceDate "2015.07.13"]
[SourceVersion "1"]
[SourceVersionDate "2019.06.21"]
[SourceQuality "1"]

1. e4 c5 2. Nc3 Nc6 3. Bb5 g6 4. Bxc6 dxc6 5. f4 Bg7 6. Nf3 Nf6 7. d3 O-O 8.
Be3 b6 9. Ne5 Qc7 10. Qd2 Ng4 11. Nxg4 Bxg4 12. h3 Bd7 13. O-O-O Bd4 14. g4 b5
15. Ne2 Bxe3 16. Qxe3 e5 17. f5 Qd6 18. Rhf1 f6 19. h4 Qe7 20. Ng3 Kg7 21. g5
Kh8 22. fxg6 fxg5 23. hxg5 hxg6 24. Rh1+ Kg7 25. Rh6 Rh8 26. Rdh1 Rxh6 27.
gxh6+ Kh7 28. Nf1 Rf8 29. Nd2 Bg4 30. Qg3 Rf4 31. Rh4 Qe6 32. Nf3 Rxf3 33. Qxg4
Qxg4 34. Rxg4 Kxh6 35. Rh4+ Kg7 36. Kd2 Rf2+ 37. Kc3 a5 38. a3 Rf4 39. Rh2 g5
40. Rh5 g4 41. Rxe5 Kf6 42. Rxc5 g3 43. e5+ Kf5 44. e6+ Kxe6 45. Rxc6+ Kf5 46.
Rc7 g2 47. Rg7 Rg4 48. Rd7 g1=Q 49. Rd5+ Ke6 50. Rxb5 Qe1+ 51. Kb3 Kd6 52. Rxa5
Qxa5 0-1

[Event "17. Obert Int. Sant Marti 2015 - B"]
[Site "Barcelona ESP"]
[Date "2015.07.13"]
[Round "1.22"]
[White "Maynat Diaz, Jose Antonio"]
[Black "Cervera Lopez, Miguel"]
[Result "1-0"]
[WhiteElo "2003"]
[BlackElo "1831"]
[PlyCount "73"]
[EventDate "2015.07.13"]
[EventType "swiss"]
[EventRounds "9"]
[EventCountry "ESP"]
[SourceTitle "Ajedrez en Madrid"]
[Source "lmi"]
[SourceDate "2015.07.13"]
[SourceVersion "1"]
[SourceVersionDate "2019.06.21"]
[SourceQuality "1"]

1. e4 Nf6 2. e5 Nd5 3. c4 Nb6 4. d4 d6 5. exd6 exd6 6. b3 Nc6 7. d5 Ne5 8. Nf3
Bg4 9. Be2 Qf6 10. Nd4 Bxe2 11. Qxe2 O-O-O 12. Bb2 Re8 13. O-O Be7 14. f4 Nbd7
15. fxe5 Qxe5 16. Qxe5 Nxe5 17. Nd2 Nd3 18. Bc3 Bf6 19. N2f3 c5 20. Nb5 Kd7 21.
Bxf6 gxf6 22. Nxa7 Rhg8 23. Rad1 Nf4 24. Rd2 Rg6 25. Kh1 Rh6 26. g3 Ne2 27. Kg2
Nc3 28. Re1 Ra8 29. Nb5 Nxb5 30. cxb5 Rg6 31. Rde2 Rf8 32. Re7+ Kc8 33. Re8+
Rxe8 34. Rxe8+ Kc7 35. Re7+ Kb6 36. a4 Rg4 37. Nd2 1-0